000 00284 a2200145 4500
001 178522
020 _a
040 _cMagnum
100 _aEdelbra
240 1 0 _aRapunzel
_lSEM
245 1 0 _aRapunzel
362 0 _a1899
697 _aMAGNITO: MAGNITO SEM ÁREA E AS
942 _cBK
999 _c178522
_d178522